000 00648cam a2200229 a 4500
001 000018699
003 UkOxU
005 20200929165835.0
008 880808s1978 fr 000 1 fre d
040 _aDO-SdBNP
_bfre
_cLC
_dBNPHU
082 _a843.54
_bD296d
100 1 _aDecoin, Didier,
_d1945-
_940360
245 1 3 _aLa dernière nuit /
_cDidier Decoin.
260 _a[Paris] :
_bBalland,
_c1978.
300 _a111 p. ;
_c20 cm.
490 1 _aL'Instant Romanesque
650 4 _aNovela francesa
_91075
650 4 _aLiteratura francesa
_91074
830 0 _aL'Instant Romanesque
_940361
910 _aCatalogación derivada / LC
049 _aBNGR
999 _c18219
_d18219